书目信息 |
| 题名: |
工业分析
|
|
| 作者: | 张小康 , 张正兢 主编 | |
| 分册: | ||
| 出版信息: | 北京 化学工业出版社 2004.07 |
|
| 页数: | 328页 | |
| 开本: | 26cm | |
| 丛书名: | ||
| 单 册: | ||
| 中图分类: | TQ014-43 | |
| 科图分类: | ||
| 主题词: | 工业分析--高等学校--技术学校--教材 | |
| 电子资源: | ||
| ISBN: | 7-5025-3060-6 | |
| 000 | 00929nam0 2200265 450 | |
| 001 | 010241270406 | |
| 005 | 20051020172507.25 | |
| 010 | @a7-5025-3060-6@dCNY32.00 | |
| 100 | @a20051020d2004 km y0chiy0120 ea | |
| 101 | 0 | @achi |
| 102 | @aCN@b110000 | |
| 105 | @aa a 000yy | |
| 200 | 1 | @a工业分析@Agong ye fen xi@f张小康, 张正兢主编@Fzhang xiao kang,zhang zheng jing zhu bian |
| 210 | @a北京@c化学工业出版社@d2004.07 | |
| 215 | @a328页@c图@d26cm | |
| 300 | @a高职高专工业分析专业教材 | |
| 320 | @a有书目 (第328页)。 | |
| 330 | @a本教材共分十章,介绍了试样的采取和制备、水质分析、煤和焦炭分析、钢铁分析、肥料分析、气体分析、化工产品质量检验等内容。 | |
| 333 | @a教育部高职高专规划教材 | |
| 606 | 0 | @a工业分析@x高等学校@x技术学校@j教材 |
| 690 | @aTQ014-43@v4 | |
| 701 | 0 | @a张小康@Azhang xiao kang@4主编 |
| 701 | 0 | @a张正兢@Azhang zheng jing@4主编 |
| 801 | 0 | @aCN@bQSSK@c20051020 |
| 905 | @a10447@dTQ014-43@eZ213 | |
| 工业分析/张小康, 张正兢主编.-北京:化学工业出版社,2004.07 |
| 328页:图;26cm |
| 高职高专工业分析专业教材.-使用对象:教育部高职高专规划教材 |
| ISBN 7-5025-3060-6:CNY32.00 |
| 本教材共分十章,介绍了试样的采取和制备、水质分析、煤和焦炭分析、钢铁分析、肥料分析、气体分析、化工产品质量检验等内容。 |
| ● |
| 相关链接 |
|
|
|
正题名:工业分析
索取号:TQ014-43/Z213
 
预约/预借
| 序号 | 登录号 | 条形码 | 馆藏地/架位号 | 状态 | 备注 |
| 1 | 575252 | 205752522 | 自科库501/501自科库 137排2列5层/ [索取号:TQ014-43/Z213] | 在馆 | |
| 2 | 575253 | 205752531 | 自科库501/501自科库 137排2列5层/ [索取号:TQ014-43/Z213] | 在馆 | |
| 3 | 575254 | 205752540 | 自科库501/501自科库 137排2列5层/ [索取号:TQ014-43/Z213] | 在馆 |